logo

Bir Sreshtho Munshi Abdur Rouf Library
Jhenaidah Cadet College

Commerce : (Record no. 8556)

MARC details
000 -LEADER
fixed length control field 00598cam a2200241 a 4500
001 - CONTROL NUMBER
JCCL Control Number 8556
003 - CONTROL NUMBER IDENTIFIER
JCCL marc code BD-JhCC
005 - DATE AND TIME OF LATEST TRANSACTION
control field 20180227161223.0
008 - FIXED-LENGTH DATA ELEMENTS--GENERAL INFORMATION
fixed length control field 881201s1985 enk | |||| ||eng||
020 ## - INTERNATIONAL STANDARD BOOK NUMBER
International Standard Book Number 0434984809
035 ## - SYSTEM CONTROL NUMBER
system control number (BD-JhCC)8556
040 ## - CATALOGING SOURCE
Original cataloging agency BD-JhCC
Modifying agency BD-JhCC
041 ## - LANGUAGE CODE
Language code of Book eng
082 ## - DEWEY DECIMAL CLASSIFICATION NUMBER
Author mark and Year WHI 1985
100 1# - MAIN ENTRY--PERSONAL NAME
Personal name Whitehead, Geoffrey,
Dates associated with a name 1921-
245 10 - TITLE STATEMENT
Title Commerce :
Remainder of title made simple /
Statement of responsibility, etc Geoffrey Whitehead.
250 ## - EDITION STATEMENT
Edition statement 11th ed.
260 ## - PUBLICATION, DISTRIBUTION, ETC. (IMPRINT)
Place of publication, distribution, etc London :
Name of publisher, distributor, etc Heinemann,
Date of publication, distribution, etc 1985.
300 ## - PHYSICAL DESCRIPTION
Pagination xiii,336p ;
Dimensions 22cm.
490 0# - SERIES STATEMENT
Series statement Made simple books
942 ## - ADDED ENTRY ELEMENTS (KOHA)
Source of classification or shelving scheme Dewey Decimal Classification
Koha item type Books
Holdings
Source of classification or shelving scheme Damaged status Not for loan Home library Current library Shelving location Total Checkouts Full call number Barcode Date last seen Copy number Koha item type
Dewey Decimal Classification     JCC Rouf Library JCC Rouf Library General Stacks   WHI 1985 11276 02/27/2018 C - 1 Books

JCC Library | Contacts | JCC Home

Last Update on 23 September 2017
Copyright @ 2017-2020 JCC Rouf Library
Rouf Library, Jhenidah Cadet College (JCC), Bangladesh